000 00608nam a2200217Ia 4500
001 1702
003 GE_BSU
008 181216s||||||||xx |||||||||||||| ||und||
040 _cGE_BSU
080 _a821.353.1–93
100 _aიოსელიანი, ოტია
245 _aდაჩის ზღაპრები.
245 _cმხატვ. ზაურ დეისაძე
260 _aთბილისი
260 _bნაკადული
260 _c1977
300 _a90 გვ.
541 _h7 ლ.
653 _aდაჩის ზღაპრები
942 _cBK
999 _c35813
_d35813